| 000 | 00898nam a2200277Ia 4500 | ||
|---|---|---|---|
| 008 | 160319s9999 xx 000 0 und d | ||
| 020 | _a9719344643 | ||
| 050 | _aFil 709.04 | ||
| 050 | _bR173m 2008 | ||
| 100 | _aRamirez, Fred | ||
| 245 | _aModern art / | ||
| 245 | _cby Fred Ramirez ; text, Marlene Aguilar ; writer, Cid Reyes ; editor, Marlene Aguilar ; design and layout, Alexander Pascual ; photography, Raymund Isaac, Demetrio Dela Cruz. | ||
| 250 | _a1st edition. | ||
| 260 | _aManila : | ||
| 260 | _bJamayco Publishing House | ||
| 260 | _c2008 | ||
| 300 | _a149 pages : | ||
| 300 | _bcolor illustrations ; | ||
| 300 | _c29 cm. | ||
| 500 | _a"A Philippine Heritage book." | ||
| 650 | _aArt, Modern -- | ||
| 650 | _aArt, Modern -- 20th century -- Philippines. | ||
| 650 | _xPictorial works. | ||
| 700 | _aAguilar, Marlene., added author. | ||
| 700 | _aReyes, Cid. | ||
| 999 |
_c292356 _d292356 |
||